000 00328nam a22001337a 4500
020 _a978-0-521-73159-1
041 _aENG
100 _aJones .I.S.F
245 _aEngineering Strategies For Greenhouse Gas Mitigation
260 _aDelhi
_bCambridge Universty Press
_c2011
300 _a170
650 _aFS
856 _uFS ( 36 )
999 _c854
_d854